| 000 | 01046nam a22002537a 4500 | ||
|---|---|---|---|
| 003 | OSt | ||
| 005 | 20220310102404.0 | ||
| 007 | ta | ||
| 008 | 210219b2020 dr acd|g || 00| 0dspa d | ||
| 020 | _a9789945484397 | ||
| 040 |
_aDO-SdBNP _bspa _cBPMSU |
||
| 082 |
_a380.9729374 _bS944o 2020 _222 |
||
| 100 | 1 |
_aSuero Espinal , Juan Héctor. _d1941-2018. |
|
| 245 | 1 | 0 |
_aOrigen y evolución de la Cámara de Comercio y producción de la provincia San Cristóbal / _cJuan Héctor Suero Espinal |
| 260 |
_aSan Cristóbal : _bCámara de Comercio y Producción de la Provincia San Cristóbal, _c2020. _b |
||
| 300 |
_a344 p. : _bil., grafcs., retrs. ; _c22 cm. |
||
| 500 | _aIncluye datos biográficos del autor en las solapas | ||
| 590 | _aInventariado, 2022/VM | ||
| 610 | 4 |
_aCámara de Comercio de San Cristóbal (República Dominicana) _xHistoria |
|
| 651 | 4 |
_aSan Cristóbal (República Dominicana) _xComercio _xHistoria |
|
| 651 | 4 |
_aSan Cristóbal (República Dominicana) _xCondiciones económicas |
|
| 910 | _a VMateo V. | ||
| 942 |
_2ddc _cBK |
||
| 999 |
_c14059 _d14059 |
||